000 00668nam a2200205Ii 4500
003 JO-AjNU
008 230605s9999||||xx |||||||||||||| ||und||
040 _aJO-AjNU
_bara
_erda
_cJO-AjNU
041 _aara
050 1 4 _aBP80.S23.S52.1990
100 3 _aشلبي،محمود,
_eauthor
_920723
245 0 0 _aحياة سعد بن أبي وقاص بطل القادسية
250 _aط1
264 3 1 _aبيروت:دار الجيل،1990
300 _a391ص
336 _atext
_btxt
_2rdacontent
337 _aunmediated
_bn
_2rdamedia
338 _avolume
_bnc
_2rdacarrier
650 4 _aالصحابة والتابعون-تراجم-سعد بن ابي وقاص
_920724
999 _aA7077
_c10645
_d10645